it's better to be safe than sorry (Record no. 121162)
[ view plain ]
| 000 -LEADER | |
|---|---|
| fixed length control field | 00706nam a2200193 4500 |
| 001 - CONTROL NUMBER | |
| control field | K121162 |
| 007 - PHYSICAL DESCRIPTION FIXED FIELD--GENERAL INFORMATION | |
| fixed length control field | ta |
| 008 - FIXED-LENGTH DATA ELEMENTS--GENERAL INFORMATION | |
| fixed length control field | 191120b2019 ||||| |||| 00| 0 eng d |
| 041 ## - LANGUAGE CODE | |
| Language code of text/sound track or separate title | eng |
| 100 ## - MAIN ENTRY--PERSONAL NAME | |
| Personal author | Charlwood, Ralph |
| 245 ## - TITLE STATEMENT | |
| Title | it's better to be safe than sorry |
| 490 ## - SERIES TITLE | |
| Series statement | Estates Gazette |
| Volume | (1945) 9 November 2019, 42-43(2) |
| 520 ## - ABSTRACT | |
| Abstract | Explains why APC candidates are required to demonstrate their knowledge of RICS guidance note Surveying Safely. Highlights key points including Safe person, risk assessments and ways to minimise risk and mental health and well being.<br/><br/> |
| 650 ## - KEYWORDS | |
| Keywords | APC |
| 650 ## - KEYWORDS | |
| Keywords | Risk |
| 651 ## - SUBJECT ADDED ENTRY--GEOGRAPHIC NAME | |
| Geographic name | United Kingdom 1973 |
| 690 ## - LOCAL SUBJECT ADDED ENTRY--TOPICAL TERM (OCLC, RLIN) | |
| 9 (RLIN) | 6244 |
| Topical term or geographic name as entry element | Health and safety |
| 942 ## - ADDED ENTRY ELEMENTS (KOHA) | |
| Source of classification or shelving scheme | Dewey Decimal Classification |
| Withdrawn status | Lost status | Damaged status | Not for loan | Home library | Current library | Shelving location | Date acquired | Total Checkouts | Date last seen | Price effective from | Koha item type |
|---|---|---|---|---|---|---|---|---|---|---|---|
| London | London | Journals | 20/11/2019 | 20/11/2019 | 20/11/2019 | Journal article |